01281cam a2200313 a 45000010008000000030012000080050017000200080041000370100017000780200015000950400018001100500026001280820018001541000017001722450073001892500012002622600046002743000035003205040066003556500036004216500035004576500034004928560089005269060045006159420012006609990019006729520138006919520138008294492418Nust- CAS-E20180118181353.0970812s1997 enka b 001 0 eng  a 97065933  a0419217703 aDLCcDLCdDLC00aTJ163.5.B84bM67 1997 2696bMOS 19971 aMoss, Keith.10aEnergy management and operating costs in buildings /cKeith J. Moss. a1st ed. aLondon ;aNew York :bE & FN Spon,c1997. aviii, 182 p. :bill. ;c25 cm. aIncludes bibliographical references (p. [179]-180) and index. 0aBuildingsxEnergy conservation. 0aBuildingsxEnergy consumption. 0aBuildingsxCost of operation.423Publisher descriptionuhttp://www.loc.gov/catdir/enhancements/fy0651/97065933-d.html a7bcbccorignewd2eopcnf19gy-gencatlg 2ddccBK c355191d355191 00102ddc 4070aCAS-EbCAS-EcGENd2013-10-04eVictoria col0o 696 MOS 1997pCAS-E0000025r2014-02-04t01v6479.00w2014-02-04yBK 00102ddc 4070aCAS-EbCAS-EcGENd2013-10-04eVictoria col0o 696 MOS 1997pCAS-E0000026r2014-02-04t02v6479.00w2014-02-04yBK